000 01434nam a2200361 c 4500
001 10948
003 ES-MaCES
005 20180118122040.0
008 000904s1999 lu t o100 | eng d
020 _a9282874273
035 _aCES20000010539m
040 _aES-MaCES
_bspa
_cES-MaCES
111 2 _aEuropean Conference on the Role of the Social Partners in Sustainable Development
_d1999
_cDublin
_9605
245 1 4 _aThe role of the social partners in sustainable development
_b: Conference report, [was realised in Dublin, on 25-26 February 1999]
260 _aLuxembourg
_bOffice for Official Publications of the European Communities
_c1999
300 _aVII, 61 p.
_c30 cm
500 _aEn la port.: European Foundation for the Improvement of Living and Working Conditions
541 _cGratuito
650 4 _aagente de negociación
_929450
650 4 _aactitud sindical
_929839
650 4 _adesarrollo sostenible
_930785
650 4 _adesarrollo de productos
_928271
650 4 _aformación en la empresa
_927452
650 4 _arepertorio de recomendaciones prácticas
_929261
650 4 _aconferencia
_927013
653 1 0 _aMedio ambiente
650 4 _928371
_aactitud de la dirección
650 4 _926752
_aUE
710 2 _93819
_aFundación Europea para la Mejora de las Condiciones de Vida y de Trabajo
902 _aLIB Libro
942 _2CES
_cBK
_h4.2.
999 _c10948
_d10948